000 00393nam a22001697a 4500
003 MPLRDC
005 20220104123459.0
008 210129b ||||| |||| 00| 0 eng d
082 _a528.972 LYA
100 _a李英昂
245 _a太极十三枪谱注
_c
250 _a二版
260 _a
_b麒麟图书公司
_c1966
300 _b
650 _a太极
942 _cBK
_o528.972 LYA
999 _c11756
_d11746